| 000 | 00549nam a2200181Ia 4500 | ||
|---|---|---|---|
| 008 | 240729s9999 xx 000 0 und d | ||
| 022 | _a2053-4221 | ||
| 245 | 0 | _aEuropean Medical Journal Hepatology | |
| 260 | _aUnited Kingdom | ||
| 260 | _bEuropean Medical Journal | ||
| 650 | _a Diseases of the digestive system. Gastroenterology | ||
| 650 | _a Internal medicine | ||
| 650 | _a Specialties of internal medicine | ||
| 650 | _aMedicine | ||
| 856 | _uhttps://doaj.org/toc/0bde75949e5c48bc99a9692c6c3cff6c | ||
| 942 | _2ddc | ||
| 942 | _cDOAJEJ | ||
| 999 |
_c71271 _d71271 |
||
| 945 |
_a1 _bMadushi Gamage _c1 _dMadushi Gamage |
||